| 000 | 00413nam a22001337a 4500 | ||
|---|---|---|---|
| 003 | OSt | ||
| 082 | _a630 | ||
| 088 | _aP553 | ||
| 100 |
_aTHEERTHA, M. S _aVISNA, M. V _aCHETAN _a NIKHILESH, A _95333 |
||
| 245 | _aDESIGN AND DEVELOPMENT OF AN AUGER TYPE GROWBAG FILLING SYSTEM | ||
| 260 |
_aThavanur _KKelappaji College of Agricultural Engineering and Technology _c2022 |
||
| 700 |
_aDr Jayan P.R _95334 |
||
| 942 | _cPR | ||
| 999 |
_c17595 _d17595 |
||